000 00419nam a22001457a 4500
020 _a04-10000-040308
082 _a894-812
_bELA/K
100 _aKUNJIKUTTAN ELAYATH
245 _aKERALATHILE PRADHANA KSHETHRANGALILOODE
_bABOUT TEMPLES
246 _aKERALATHILE PRADHANA KSHETHRANGALILOODE
_bABOUT TEMPLES
260 _aTHRISSUR
_bH & C PUBLISHING HOUSE
_c2002
300 _a143
520 _aABOUT TEMPLES
942 _cBK
999 _c1050
_d1050